|
|
|
|
| LEADER |
00000cam a2200000 a 4500 |
| 001 |
vtls001364910 |
| 003 |
SK-MaSNL |
| 005 |
20260425234746.0 |
| 008 |
251113s1999 xo ad frn 00000 eng |
| 015 |
|
|
|a SNBA1999/11-04059
|
| 020 |
|
|
|q (brož.)
|
| 035 |
|
|
|a SNK000318561
|
| 040 |
|
|
|a SNK
|b slo
|c SNK
|e AACR2
|
| 041 |
0 |
|
|a eng
|
| 044 |
|
|
|a xo
|c SK
|
| 080 |
|
|
|a 362(437.6)=20
|2 1981
|
| 100 |
1 |
|
|a Kvapilová, Erika,
|d 1960-
|4 aut
|9 239749
|
| 245 |
1 |
|
|a Targeted benefits in Slovakia
|c by Erika Kvapilová
|
| 260 |
|
|
|a Bratislava
|b Institute for forecasting Slovak Academy of sciences
|c 1999
|
| 300 |
|
|
|a 31 s.
|b tab.
|c 29 cm
|
| 366 |
|
|
|e 45 výtl.
|
| 490 |
1 |
|
|a Pracovné materiály =
|a Working papers
|v No. 2
|x 0862-9137
|
| 504 |
|
|
|a Obsahuje bibliografiu
|
| 650 |
0 |
7 |
|a sociálne zabezpečenie
|2 SNKPH
|9 3720
|
| 651 |
|
7 |
|a Slovensko
|2 SNKPHgeo
|9 14231
|
| 655 |
|
7 |
|a štúdie
|2 SNKPH
|9 57033
|
| 810 |
2 |
|
|a Slovenská akadémia vied.
|b Prognostický ústav
|t Pracovné materiály
|9 169413
|
| 852 |
|
|
|a Slovenská národná knižnica
|
| 958 |
|
|
|a TL
|
| 958 |
|
|
|a NB
|
| 958 |
|
|
|a BQ
|
| 999 |
|
|
|c 807663
|d 809593
|
| 952 |
|
|
|t P60, <03>, [BOOK], {603}
|a SNK
|b SNK
|y PREZ
|7 0
|p 17A0197551
|o snkOSB 12186
|i snkKSP 6115/99
|0 0
|1 0
|4 0
|d 1999-06-07
|l 0
|r 2005-01-02 00:00:00
|w 2026-02-24
|
| 952 |
|
|
|t P60, <04>, [BOOK], {604}
|a SNK
|b SNK
|y VYP
|7 0
|p 17A0197552
|o snkOSB 12186 D1
|i snkKSP 6116/99
|0 0
|1 0
|4 0
|d 1999-06-07
|l 0
|r 2005-01-02 00:00:00
|w 2026-02-24
|